| 000 | 00383 a2200121 4500 | ||
|---|---|---|---|
| 001 | ART_11848 | ||
| 005 | 20260410161901.0 | ||
| 008 | 260409a | ||
| 245 | 1 | 0 | _aMarket wages, reservation wages, and retirement decisions |
| 100 | 1 | _aBlinder, Alan S. | |
| 700 | 1 | _aGordon, Roger H. | |
| 773 | 0 |
_tJournal of public economics _g- Vol. 14, NÂș 2 (oct. 1980) _wREV11485 |
|
| 999 |
_c25894 _d25894 |
||